| 000 | 00834nam2a22002411 4500 | ||
|---|---|---|---|
| 001 | rc\2162963 | ||
| 005 | 20250623003654.0 | ||
| 035 | _a(NLR Aleph) 006494336 | ||
| 090 |
_a6165433 _c6165433 |
||
| 100 | _a20110829d1978 |||y0rusy50 ca | ||
| 101 | 0 | _arus | |
| 102 | _aRU | ||
| 105 | _ay z ||||| | ||
| 200 | 1 |
_aДоговор о соревновании _fА.М. Пелявин |
|
| 210 |
_aПермь _cКн. изд-во _d1978 |
||
| 461 | 0 |
_1001rc\2162960 _12001#$aБиблиотечка доярки$e[1-5]$v[3] _97639589 _cПермь _d1978 _nКн. изд-во _o[1-5] _p5 бр. в обертке _tБиблиотечка доярки _v[3] |
|
| 700 | 1 |
_aПелявин _bА.М. |
|
| 702 | 1 |
_aПелявин _bА.М. _4220 |
|
| 801 | 0 |
_aRU _bNLR _gpsbo |
|
| 801 | 1 |
_aRU _bELAR _2rusmarc |
|
| 852 |
_aNLR _j78-2/4102 |
||
| 942 | _cBOOK | ||
| 980 | _aNB | ||